| 000 | 00598nam a2200193Ia 4500 | ||
|---|---|---|---|
| 005 | 20250508152109.0 | ||
| 008 | 008 250505s9999 xx 000 0 eng d | ||
| 037 | _aTextual | ||
| 040 |
_aFEDL _beng _cFEDL |
||
| 041 |
_aeng _2eng |
||
| 084 |
_a371.9, NCE _qFEDL |
||
| 100 |
_aSharma P D _9404613 |
||
| 245 | 0 | _aEducation of the handicapped in Australia | |
| 260 |
_aDelhi, India _bCentral Institute of Education _c1957 |
||
| 300 | _a75p. | ||
| 490 | _aC.I.E. studies in education and psychology Publication Number 20 | ||
| 942 |
_cTEXL _h371.9, NCE |
||
| 999 |
_c1334234 _d1334234 |
||